ARRUPE JESUIT UNIVERSITY

CORONAVIRUS -STOP THE SPREAD - CLEAN,DISINFECT,COVER

The complete book of home planning in South Africa (Record no. 130104)

MARC details
000 -LEADER
fixed length control field 00485nam a22001457a 4500
008 - FIXED-LENGTH DATA ELEMENTS--GENERAL INFORMATION
fixed length control field 191203b ||||| |||| 00| 0 eng d
050 ## - LIBRARY OF CONGRESS CALL NUMBER
Classification number NA7117.S6
100 ## - MAIN ENTRY--PERSONAL NAME
Personal name Joyce, Peter
9 (RLIN) 30444
245 ## - TITLE STATEMENT
Title The complete book of home planning in South Africa
Statement of responsibility, etc Peter Joyce, Jacqueline and Paddy Hartdegen
250 ## - EDITION STATEMENT
Edition statement 2nd. ed.
260 ## - PUBLICATION, DISTRIBUTION, ETC. (IMPRINT)
Place of publication, distribution, etc Cape Town
Name of publisher, distributor, etc Struikhof Publishers
Date of publication, distribution, etc 1988
300 ## - PHYSICAL DESCRIPTION
Extent 320p. ;
Dimensions 30cm.
650 ## - SUBJECT ADDED ENTRY--TOPICAL TERM
Topical term or geographic name as entry element Architecture, Domestic
Geographic subdivision South Africa
9 (RLIN) 48872
942 ## - ADDED ENTRY ELEMENTS (KOHA)
Source of classification or shelving scheme Library of Congress Classification
Item type Monograph ( Printed materials)
Holdings
Withdrawn status Lost status Source of classification or shelving scheme Damaged status Not for loan Collection code Home library Current library Shelving location Date acquired Total Checkouts Full call number Barcode Date last seen Price effective from Koha item type
    Library of Congress Classification     Main Collection ARRUPE LIBRARY ARRUPE LIBRARY Main Collection 03/12/2019   NA7117.S6 46600006111 03/12/2019 03/12/2019 Monograph ( Printed materials)

 

Arrupe Library. PO Box MP320 Mt Pleasant, Harare, Zimbabwe
263 242 745411|librarian@aju.ac.zw